| 000 | 00583nam a2200181 a 4500 | ||
|---|---|---|---|
| 001 | 000019253 | ||
| 005 | 20200929165949.0 | ||
| 008 | 100529s1985 cl 000 p spa d | ||
| 040 |
_aDO-SdBNP _bspa _cBNPHU |
||
| 082 |
_annnn _bH557m |
||
| 100 | 1 |
_aHernández, José, _d1834-1886. _916699 |
|
| 245 | 1 | 3 |
_aMartín Fierro / _cJosé Hernández. |
| 260 |
_aSantiago de Chile : _bErcilla, _c1985. |
||
| 300 |
_a191, [1] p. ; _c18 cm. |
||
| 490 | 1 |
_aLos mejores libros de la literatura universal _v27 |
|
| 830 | 4 |
_aLos mejores libros de la literatura universal ; _v27 _910647 |
|
| 049 | _aBNGR | ||
| 999 |
_c18771 _d18771 |
||